Personnages de Soul Eater par images - Statistiques

Statistiques générales
  • Ce quiz a été pris 51 fois
  • Le résultat moyen est 15 sur 25
Statistiques - réponses
Par images Réponse % Correct
Black ☆ Star
100%
Maka Albarn
100%
Soul "Eater" Evans
100%
Death The Kid
88%
Maître Shinigami
88%
Médusa Gorgon
88%
Excalibur
81%
Franken Stein
81%
Crona
79%
Elizabeth "Liz" Thompson
71%
Tsubaki Nakatsukasa
69%
Arachné Gorgon
67%
Patricia "Patty" Thompson
67%
Blair
64%
Asura (grand dévoreur)
57%
Justin Law
50%
Sid Barrett
50%
Mifune
48%
Spirit Albarn
48%
Marie Mjölnir
43%
Mosquito
36%
Angéla Léon
29%
Eruka Frog
17%
Giriko
10%
Azusa Yumi
7%
Aucun quiz correspondant
Distribution des résultats
% des personnes avec chaque résultat
Percentile par nombre de réponses
Votre historique - résultats
Vous n’avez pas pris ce quiz